000 00479nam a2200181Ia 4500
008 131103s9999 xx 000 0 und d
040 _aLoreto College
041 _aEnglish
082 _a150/GLE
_bLCLIB/PsySemLib/Xeroxed141
100 _aGleitman
245 _aBasic Psychology
_cGleitman
250 _a4th ed
300 _axxxi,743p
_c 24cm
504 _aIncludes bibliographical references and index
650 _aPsychology
850 _aLCLIB/150/GLE
942 _cBK
999 _c18056
_d68535